000 00352nam a22001217a 4500
082 _a323.0951
100 _aZhang Yonghe et al.
245 _aChina and world human rights protection
_cZhang Yonghe et al.
260 _aChina
_bIntercontinental Press
_c2019
300 _a200p
942 _2ddc
_cBK
999 _c586579
_d586579